[Event "EU-Cup 35th"]
[Site "Ulcinj"]
[Date "2019.11.12"]
[Round "3.19"]
[White "Dragasevic, Srdjan"]
[Black "Sakalauskas, Vaidas"]
[Result "0-1"]
[WhiteElo "2277"]
[BlackElo "2319"]
[PlyCount "88"]
[EventDate "2019.11.10"]
[EventType "team-swiss"]
[EventRounds "7"]
[EventCountry "MNE"]
[SourceTitle "EXT 2021"]
[Source "ChessBase"]
[SourceDate "2020.10.23"]
[SourceVersion "1"]
[SourceVersionDate "2020.10.23"]
[SourceQuality "1"]
[WhiteTeam "Rudar"]
[BlackTeam "MRU ROSK Consulting"]
[WhiteTeamCountry "MNE"]
[BlackTeamCountry "LTU"]

1. d4 d5 2. Nf3 e6 3. Bf4 Bd6 4. Bg3 Nf6 5. e3 0-0 6. Bd3 c5 7. c3 b6 8. Nbd2 Bb7 9. Ne5 Nc6 10. f4 Ne7 11. Qf3 Nf5 12. Bf2 Be7 13. Ng4 Nxg4 14. Qxg4 Nd6 15. 0-0 Ne4 16. Nf3 Qc8 17. Rfd1 c4 18. Bc2 b5 19. a3 a5 20. Bh4 f6 21. Be1 Bc6 22. Nd2 Rb8 23. Qe2 Bd6 24. Rdb1 Qc7 25. Nxe4 dxe4 26. Bg3 Bd5 27. Be1 Kh8 28. Qh5 Rb7 29. h3 Qd7 30. Bd1 Qf7 31. Qe2 Rfb8 32. Rc1 Rg8 33. Kh1 Qf8 34. Bg3 Qb8 35. Qf2 g5 36. Ra2 Rbg7 37. Qf1 gxf4 38. Bxf4 Bxf4 39. exf4 Rg3 40. Bg4 e3 41. Kh2 R8xg4 42. hxg4 Rxg4 43. g3 Rg6 44. Qe1 Rh6+ 0-1

[Event "MNT-chT1"]
[Site "Cetinje"]
[Date "2013.08.31"]
[Round "2"]
[White "Dragasevic, Srdjan"]
[Black "Vukcevic, Nemanja"]
[Result "1/2-1/2"]
[WhiteElo "2279"]
[BlackElo "2131"]
[PlyCount "25"]
[EventDate "2013.08.30"]
[EventType "team-tourn"]
[EventRounds "9"]
[EventCountry "MNE"]
[SourceTitle "CBM 156 Extra"]
[Source "ChessBase"]
[SourceDate "2013.10.22"]
[SourceVersion "1"]
[SourceVersionDate "2013.10.22"]
[SourceQuality "1"]

1. d4 Nf6 2. Nf3 g6 3. Bg5 Bg7 4. Nbd2 d5 5. e3 0-0 6. Bd3 c5 7. c3 Nbd7 8. 0-0 Qe8 9. h3 e5 10. dxe5 Nxe5 11. Nxe5 Qxe5 12. Bf4 Qe7 13. Re1 1/2-1/2

[Event "EU-ch Seniors 13th"]
[Site "Plovdiv"]
[Date "2013.03.17"]
[Round "7"]
[White "Dragasevic, Srdjan"]
[Black "Bebchuk, Leonid"]
[Result "1/2-1/2"]
[WhiteElo "2279"]
[BlackElo "2089"]
[PlyCount "33"]
[EventDate "2013.03.11"]
[EventType "swiss"]
[EventRounds "9"]
[EventCountry "BUL"]
[SourceTitle "CBM 153 Extra"]
[Source "ChessBase"]
[SourceDate "2013.04.22"]
[SourceVersion "1"]
[SourceVersionDate "2013.04.22"]
[SourceQuality "1"]

1. d4 d5 2. Bg5 h6 3. Bh4 c6 4. e3 Qb6 5. Qc1 e5 6. Nf3 e4 7. Nfd2 Ne7 8. c4 Nf5 9. Bg3 Nxg3 10. hxg3 Be6 11. Nc3 Be7 12. cxd5 cxd5 13. Bb5+ Nc6 14. Ndxe4 dxe4 15. d5 Bd7 16. dxc6 Bxc6 17. Bxc6+ 1/2-1/2

[Event "EU-ch Seniors 13th"]
[Site "Plovdiv"]
[Date "2013.03.14"]
[Round "4"]
[White "Vagner, Grigorij"]
[Black "Dragasevic, Srdjan"]
[Result "1/2-1/2"]
[WhiteElo "2088"]
[BlackElo "2279"]
[PlyCount "63"]
[EventDate "2013.03.11"]
[EventType "swiss"]
[EventRounds "9"]
[EventCountry "BUL"]
[SourceTitle "CBM 153 Extra"]
[Source "ChessBase"]
[SourceDate "2013.04.22"]
[SourceVersion "1"]
[SourceVersionDate "2013.04.22"]
[SourceQuality "1"]

1. d4 d5 2. c4 c6 3. Nc3 Nf6 4. Nf3 a6 5. e3 b5 6. cxb5 cxb5 7. Bd3 e6 8. 0-0 Be7 9. Bd2 Bb7 10. Qc2 Nbd7 11. Rae1 0-0 12. Qb1 g6 13. Rc1 Rc8 14. Ne2 Bd6 15. Rxc8 Qxc8 16. Rc1 Qb8 17. Ng3 Qa8 18. Ba5 Qb8 19. a3 Kg7 20. Nf1 Rc8 21. N1d2 Rxc1+ 22. Qxc1 Qc8 23. Qc2 Qxc2 24. Bxc2 Kf8 25. h3 Ke7 26. Kf1 Ne4 27. Ke2 f5 28. Bb1 Nb8 29. Nb3 Nd7 30. Nbd2 Nb8 31. Nb3 Nd7 32. Nbd2 1/2-1/2

[Event "EU-ch Seniors 13th"]
[Site "Plovdiv"]
[Date "2013.03.12"]
[Round "2"]
[White "Abramovic, Bosko"]
[Black "Dragasevic, Srdjan"]
[Result "1/2-1/2"]
[WhiteElo "2471"]
[BlackElo "2279"]
[PlyCount "59"]
[EventDate "2013.03.11"]
[EventType "swiss"]
[EventRounds "9"]
[EventCountry "BUL"]
[SourceTitle "CBM 153 Extra"]
[Source "ChessBase"]
[SourceDate "2013.04.22"]
[SourceVersion "1"]
[SourceVersionDate "2013.04.22"]
[SourceQuality "1"]

1. d4 d5 2. c4 c6 3. Nf3 Nf6 4. cxd5 cxd5 5. Nc3 Nc6 6. Bf4 a6 7. Rc1 Bf5 8. Ne5 Qb6 9. Nxc6 bxc6 10. Qd2 Ne4 11. Nxe4 Bxe4 12. a3 e6 13. Qc3 Kd7 14. e3 Be7 15. f3 Bg6 16. Be2 Rhc8 17. Kf2 a5 18. Rhd1 f6 19. Bd3 c5 20. Bxg6 hxg6 21. Qd2 g5 22. Bg3 cxd4 23. exd4 Rxc1 24. Rxc1 Rc8 25. Rxc8 Kxc8 26. Ke1 Kd7 27. Qc3 a4 28. Kd2 Bd8 29. Kc2 Qb5 30. Qd3 1/2-1/2

[Event "EU-chT Seniors"]
[Site "Rogaska Slatina"]
[Date "2012.04.04"]
[Round "9.3"]
[White "Valenti, Giuseppe"]
[Black "Dragasevic, Srdjan"]
[Result "0-1"]
[WhiteElo "2138"]
[BlackElo "2267"]
[PlyCount "68"]
[EventDate "2012.03.27"]
[EventType "team-swiss"]
[EventRounds "9"]
[EventCountry "SLO"]
[SourceTitle "CBM 147 Extra"]
[Source "ChessBase"]
[SourceDate "2012.04.24"]
[SourceVersion "1"]
[SourceVersionDate "2012.04.24"]
[SourceQuality "1"]
[WhiteTeam "Italy (Seniors)"]
[BlackTeam "Montenegro (Seniors)"]
[WhiteTeamCountry "ITA"]
[BlackTeamCountry "MNE"]

1. e4 c6 2. Nf3 d5 3. Nc3 Bg4 4. d4 e6 5. exd5 cxd5 6. a3 Nc6 7. Be2 Bd6 8. h3 Bh5 9. 0-0 Nf6 10. Re1 Rc8 11. Be3 0-0 12. Nd2 Bg6 13. Nb3 Na5 14. Nxa5 Qxa5 15. Qd2 a6 16. Red1 Rc6 17. Rdc1 Rfc8 18. Qe1 b5 19. Bd1 Ne4 20. Bf3 Nf6 21. Bd1 Qc7 22. Qe2 Nd7 23. h4 h6 24. h5 Bh7 25. Qg4 Nf6 26. Qf3 Bf5 27. g3 Bg4 28. Qh1 Bxg3 29. Qg2 Bxd1 30. Rxd1 Bf4 31. Rd3 Nxh5 32. Qg4 g6 33. Kg2 Bxe3 34. fxe3 Qe7 0-1

[Event "EU-chT Seniors"]
[Site "Rogaska Slatina"]
[Date "2012.04.02"]
[Round "7.1"]
[White "Pushkov, Nikolai"]
[Black "Dragasevic, Srdjan"]
[Result "1-0"]
[WhiteElo "2390"]
[BlackElo "2267"]
[PlyCount "71"]
[EventDate "2012.03.27"]
[EventType "team-swiss"]
[EventRounds "9"]
[EventCountry "SLO"]
[SourceTitle "CBM 147 Extra"]
[Source "ChessBase"]
[SourceDate "2012.04.24"]
[SourceVersion "1"]
[SourceVersionDate "2012.04.24"]
[SourceQuality "1"]
[WhiteTeam "Russia (Seniors)"]
[BlackTeam "Montenegro (Seniors)"]
[WhiteTeamCountry "RUS"]
[BlackTeamCountry "MNE"]

1. d4 d5 2. c4 c6 3. Nf3 Nf6 4. Nc3 e6 5. e3 Nbd7 6. Qc2 Bd6 7. Bd3 dxc4 8. Bxc4 e5 9. 0-0 0-0 10. h3 Qe7 11. Bb3 h6 12. Nh4 Qd8 13. Nf5 Bc7 14. Rd1 exd4 15. exd4 Nb6 16. Nxh6+ gxh6 17. Qg6+ Kh8 18. Bxf7 Bf5 19. Qxh6+ Nh7 20. Bb3 Rf6 21. Qh4 Qd6 22. g3 Rg6 23. d5 Rag8 24. dxc6 Rxg3+ 25. fxg3 Rxg3+ 26. Kf2 Rd3 27. Qf4 Rxd1 28. Bxd1 Qxf4+ 29. Bxf4 Bxf4 30. cxb7 Nf6 31. Bf3 Kg7 32. Rd1 Bd7 33. h4 Be5 34. Ne4 Nbd5 35. Nc5 Bc6 36. Ne6+ 1-0

[Event "EU-chT Seniors"]
[Site "Rogaska Slatina"]
[Date "2012.04.01"]
[Round "6.1"]
[White "Dragasevic, Srdjan"]
[Black "Turikov, Viktor"]
[Result "1/2-1/2"]
[WhiteElo "2267"]
[BlackElo "2263"]
[PlyCount "43"]
[EventDate "2012.03.27"]
[EventType "team-swiss"]
[EventRounds "9"]
[EventCountry "SLO"]
[SourceTitle "CBM 147 Extra"]
[Source "ChessBase"]
[SourceDate "2012.04.24"]
[SourceVersion "1"]
[SourceVersionDate "2012.04.24"]
[SourceQuality "1"]
[WhiteTeam "Montenegro (Seniors)"]
[BlackTeam "St Petersburg (Seniors)"]
[WhiteTeamCountry "MNE"]
[BlackTeamCountry "RUS"]

1. d4 b6 2. e4 Bb7 3. Bd3 Nc6 4. c3 e5 5. d5 Nce7 6. Nf3 Ng6 7. h4 h5 8. a4 a5 9. Na3 Bxa3 10. Rxa3 Nh6 11. Ng5 Ng4 12. f3 Nh6 13. g3 Qe7 14. Qe2 f6 15. Nh3 Nf7 16. Nf2 Nf8 17. Bd2 Nd6 18. Ra1 Bc8 19. b4 Nb7 20. Bb5 Nd6 21. Bd3 Nb7 22. Bb5 1/2-1/2

[Event "Wch Seniors 21st"]
[Site "Rijeka"]
[Date "2011.11.22"]
[Round "7"]
[White "Kierzek, Matthias"]
[Black "Dragasevic, Srdjan"]
[Result "0-1"]
[WhiteElo "2152"]
[BlackElo "2256"]
[PlyCount "70"]
[EventDate "2011.11.15"]
[EventType "swiss"]
[EventRounds "11"]
[EventCountry "CRO"]
[SourceTitle "CBM 145 Extra"]
[Source "ChessBase"]
[SourceDate "2012.01.03"]
[SourceVersion "1"]
[SourceVersionDate "2012.01.03"]
[SourceQuality "1"]

1. d4 d5 2. c4 c6 3. Nf3 Nf6 4. Nc3 dxc4 5. a4 Na6 6. e4 Bg4 7. Bxc4 e6 8. 0-0 Be7 9. Be3 0-0 10. Qb3 Bxf3 11. gxf3 Nb4 12. Kh1 a5 13. Rg1 Kh8 14. Rg2 g6 15. f4 Kg7 16. Rag1 Rc8 17. f5 exf5 18. exf5 Qd7 19. fxg6 hxg6 20. Bxf7 Rxf7 21. Rxg6+ Kf8 22. Bg5 Nbd5 23. Ne2 Ke8 24. Qf3 Qe6 25. Bxf6 Nxf6 26. Nc3 Kd7 27. R1g5 Rcf8 28. Re5 Qd6 29. Qf5+ Kc7 30. Re6 Qxd4 31. Qxa5+ Kb8 32. Qe5+ Qxe5 33. Rxe5 Bb4 34. Kg2 Bxc3 35. bxc3 Nd5 0-1

[Event "Wch Seniors 21st"]
[Site "Rijeka"]
[Date "2011.11.15"]
[Round "1"]
[White "Neumann, Horst"]
[Black "Dragasevic, Srdjan"]
[Result "0-1"]
[WhiteElo "1950"]
[BlackElo "2256"]
[PlyCount "73"]
[EventDate "2011.11.15"]
[EventType "swiss"]
[EventRounds "11"]
[EventCountry "CRO"]
[SourceTitle "CBM 145 Extra"]
[Source "ChessBase"]
[SourceDate "2012.01.03"]
[SourceVersion "1"]
[SourceVersionDate "2012.01.03"]
[SourceQuality "1"]

1. d4 d5 2. Nf3 c6 3. Bf4 Qb6 4. Qc1 Nf6 5. e3 Bf5 6. Bd3 e6 7. Bxf5 exf5 8. h3 Be7 9. 0-0 0-0 10. Nbd2 Nbd7 11. c4 a5 12. Qc2 g6 13. Ne5 Rfd8 14. Rfc1 Nf8 15. Ndf3 Ne4 16. cxd5 Rxd5 17. Nd2 Nxd2 18. Qxd2 Ne6 19. Bg3 f4 20. Bxf4 Nxf4 21. exf4 Qxd4 22. Qxd4 Rxd4 23. Rc4 Rad8 24. Rac1 Rd1+ 25. Kh2 Bf6 26. R1c2 R8d4 27. b3 Rxf4 28. Ng4 Rxc4 29. Rxc4 Bd4 30. Rc2 f5 31. Ne3 Bxe3 32. fxe3 Rd3 33. Re2 Kf7 34. Kg1 Ke6 35. Kf2 g5 36. Rc2 a4 37. Ke2 0-1

[Event "MNT-chT"]
[Site "Tivat"]
[Date "2011.10.12"]
[Round "5.3"]
[White "Batricevic, Sasa"]
[Black "Dragasevic, Srdjan"]
[Result "0-1"]
[WhiteElo "2240"]
[BlackElo "2256"]
[PlyCount "84"]
[EventDate "2011.10.08"]
[EventType "team-tourn"]
[EventRounds "9"]
[EventCountry "MNE"]
[SourceTitle "CBM 144 Extra"]
[Source "ChessBase"]
[SourceDate "2011.10.28"]
[SourceVersion "1"]
[SourceVersionDate "2011.10.28"]
[SourceQuality "1"]
[WhiteTeam "Cetinje"]
[BlackTeam "Tivat Mimoza"]
[WhiteTeamCountry "MNE"]
[BlackTeamCountry "MNE"]

1. d4 d5 2. Nc3 Nf6 3. Bg5 Nbd7 4. Qd3 g6 5. e4 dxe4 6. Nxe4 Bg7 7. Ng3 h6 8. Bd2 Nb6 9. Nf3 Be6 10. Ne5 h5 11. h4 Ng4 12. Nxg4 hxg4 13. c3 Qd5 14. Ne2 Bf5 15. Nf4 Qd6 16. Qe2 0-0-0 17. Nd3 Nc4 18. Be3 e5 19. Nc5 exd4 20. Qxc4 dxe3 21. Be2 Qd2+ 22. Kf1 Qxb2 23. Nb3 Be6 24. Qa4 Kb8 25. fxe3 Bxc3 26. Kf2 g3+ 27. Kf3 Qc2 28. Rad1 Qf5+ 29. Qf4 Bd5+ 30. e4 Bxe4+ 31. Ke3 Qxf4+ 32. Kxf4 Bxg2 33. Rhg1 Bd5 34. Rxg3 Bb4 35. Rh3 a5 36. h5 gxh5 37. a3 Bxa3 38. Nxa5 Bd6+ 39. Ke3 Rhe8+ 40. Kd3 b6 41. Bxh5 Be4+ 42. Kc3 bxa5 0-1

[Event "MNT-chT"]
[Site "Tivat"]
[Date "2011.10.08"]
[Round "1.1"]
[White "Dragasevic, Srdjan"]
[Black "Kontic, Djordjije"]
[Result "1-0"]
[WhiteElo "2256"]
[BlackElo "2316"]
[PlyCount "119"]
[EventDate "2011.10.08"]
[EventType "team-tourn"]
[EventRounds "9"]
[EventCountry "MNE"]
[SourceTitle "CBM 144 Extra"]
[Source "ChessBase"]
[SourceDate "2011.10.28"]
[SourceVersion "1"]
[SourceVersionDate "2011.10.28"]
[SourceQuality "1"]
[WhiteTeam "Tivat Mimoza"]
[BlackTeam "Niksic Elektroprivreda"]
[WhiteTeamCountry "MNE"]
[BlackTeamCountry "MNE"]

1. d4 e6 2. Nf3 c5 3. c3 Nc6 4. Bg5 Qb6 5. Qb3 d5 6. Nbd2 Qxb3 7. axb3 cxd4 8. Nxd4 Nxd4 9. cxd4 Bd7 10. e3 Bb4 11. Bd3 f6 12. Bf4 Ne7 13. 0-0-0 Nc6 14. Kb1 Ke7 15. Nf3 Bd6 16. Bxd6+ Kxd6 17. Bb5 Be8 18. Bxc6 Bxc6 19. Rc1 a5 20. Rc3 Ra6 21. Ne1 e5 22. Nc2 e4 23. Kc1 h5 24. h4 Rh6 25. Kd2 Rg6 26. g3 Rg4 27. Ne1 Rb6 28. Kc2 Rg6 29. Ng2 Rh6 30. Nf4 Rh8 31. Rc5 a4 32. bxa4 Bxa4+ 33. Kb1 Bb3 34. Ra5 Bc4 35. Ra3 Rc8 36. Rc3 g5 37. Nxh5 Ra8 38. Rxc4 dxc4 39. Nxf6 Ra3 40. Nxe4+ Kd5 41. Kc2 Rxe3 42. Nc3+ Rxc3+ 43. bxc3 Rf6 44. Rh2 gxh4 45. gxh4 Ke4 46. h5 Rh6 47. Rh3 Kf4 48. Kd2 Kg4 49. Rh2 Kf3 50. Kc2 Ke4 51. Rh3 Kf4 52. Kb2 Kg4 53. Rh2 Kf3 54. Ka3 Ke2 55. Kb4 Kd3 56. Rh3+ Ke2 57. Kxc4 Kxf2 58. d5 b6 59. Rh4 Kg3 60. Rd4 1-0

[Event "EU-chT Seniors"]
[Site "Thessaloniki"]
[Date "2011.05.08"]
[Round "6"]
[White "Dragasevic, Srdjan"]
[Black "Werner, Clemens"]
[Result "1/2-1/2"]
[WhiteElo "2266"]
[BlackElo "2344"]
[PlyCount "72"]
[EventDate "2011.05.03"]
[EventType "team-swiss"]
[EventRounds "9"]
[EventCountry "GRE"]
[SourceTitle "CBM 142 Extra"]
[Source "ChessBase"]
[SourceDate "2011.06.27"]
[SourceVersion "1"]
[SourceVersionDate "2011.06.27"]
[SourceQuality "1"]
[WhiteTeam "Montenegro"]
[BlackTeam "Germany"]
[WhiteTeamCountry "MNE"]
[BlackTeamCountry "GER"]

1. d4 c5 2. c3 e6 3. Nf3 Nf6 4. Bg5 h6 5. Bh4 cxd4 6. Bxf6 Qxf6 7. Qxd4 Be7 8. Nbd2 Nc6 9. Ne4 Qxd4 10. cxd4 Nb4 11. Kd2 b6 12. a3 Nd5 13. e3 Bb7 14. Bd3 f5 15. Nc3 Rc8 16. Nxd5 Bxd5 17. Rac1 0-0 18. Ba6 Rxc1 19. Rxc1 Bd6 20. Bb5 Rd8 21. Ke2 Kf8 22. g3 Ke7 23. Ne5 Bb7 24. f4 a6 25. Bd3 b5 26. Kf2 g5 27. Be2 g4 28. Bf1 Rc8 29. Rxc8 Bxc8 30. Bg2 Bc7 31. b4 d6 32. Nd3 Bd7 33. Bb7 a5 34. Bg2 Bc8 35. e4 Bb7 36. exf5 Bc8 1/2-1/2

[Event "MNT-chT"]
[Site "Cetinje"]
[Date "2010.07.31"]
[Round "8"]
[White "Milanovic, Slavisa"]
[Black "Dragasevic, Srdjan"]
[Result "1/2-1/2"]
[WhiteElo "2370"]
[BlackElo "2276"]
[PlyCount "21"]
[EventDate "2010.07.24"]
[EventType "team-swiss"]
[EventRounds "9"]
[EventCountry "MNE"]
[SourceTitle "CBM 137 Extra"]
[Source "ChessBase"]
[SourceDate "2010.09.01"]
[SourceVersion "1"]
[SourceVersionDate "2010.09.01"]
[SourceQuality "1"]

1. g3 d5 2. Bg2 Nf6 3. f4 g6 4. Nf3 Bg7 5. 0-0 0-0 6. d3 c5 7. Nbd2 Nc6 8. e4 e6 9. e5 Nd7 10. c4 Nb6 11. b3 1/2-1/2

[Event "MNT-chT"]
[Site "Cetinje"]
[Date "2010.07.26"]
[Round "3"]
[White "Dragasevic, Srdjan"]
[Black "Kosic, Dragan"]
[Result "1/2-1/2"]
[WhiteElo "2276"]
[BlackElo "2512"]
[PlyCount "72"]
[EventDate "2010.07.24"]
[EventType "team-swiss"]
[EventRounds "9"]
[EventCountry "MNE"]
[SourceTitle "CBM 137 Extra"]
[Source "ChessBase"]
[SourceDate "2010.09.01"]
[SourceVersion "1"]
[SourceVersionDate "2010.09.01"]
[SourceQuality "1"]

1. d4 d5 2. Nf3 Nf6 3. Bg5 Ne4 4. Bf4 c5 5. e3 Nc6 6. c3 Qb6 7. Qb3 c4 8. Qc2 Bf5 9. Qc1 e6 10. Nbd2 Rc8 11. Nh4 Nxd2 12. Qxd2 Be4 13. f3 Be7 14. fxe4 Bxh4+ 15. g3 Be7 16. exd5 exd5 17. h4 0-0 18. Bg2 Rcd8 19. 0-0 Bd6 20. e4 dxe4 21. Bxe4 Ne7 22. Rae1 Bxf4 23. Rxf4 Qc7 24. Qf2 b5 25. a3 a6 26. Kh2 Rde8 27. Rf1 Nc8 28. Qc2 h6 29. Qd1 Nd6 30. Bd5 Qe7 31. R1f2 Kh8 32. Qh5 f5 33. Bc6 Rc8 34. Re2 Qf7 35. Qxf7 Rxf7 36. Bd5 Rff8 1/2-1/2

[Event "MNT-chT"]
[Site "Cetinje"]
[Date "2010.07.24"]
[Round "1"]
[White "Popadic, Dragan"]
[Black "Dragasevic, Srdjan"]
[Result "1/2-1/2"]
[WhiteElo "2268"]
[BlackElo "2276"]
[PlyCount "24"]
[EventDate "2010.07.24"]
[EventType "team-swiss"]
[EventRounds "9"]
[EventCountry "MNE"]
[SourceTitle "CBM 137 Extra"]
[Source "ChessBase"]
[SourceDate "2010.09.01"]
[SourceVersion "1"]
[SourceVersionDate "2010.09.01"]
[SourceQuality "1"]

1. e4 c6 2. d4 d5 3. Nd2 dxe4 4. Nxe4 Bf5 5. Ng3 Bg6 6. Nf3 Nf6 7. h4 h6 8. Ne5 Bh7 9. Bc4 e6 10. c3 Nbd7 11. Nxd7 Qxd7 12. Qe2 0-0-0 1/2-1/2

[Event "MNT-chT"]
[Site "Tivat"]
[Date "2010.04.03"]
[Round "2"]
[White "Brenjo, Slavisa"]
[Black "Dragasevic, Srdjan"]
[Result "1-0"]
[WhiteElo "2522"]
[BlackElo "2279"]
[PlyCount "93"]
[EventDate "2010.04.03"]
[EventType "team"]
[EventRounds "6"]
[EventCountry "MNE"]
[SourceTitle "CBM 136 Extra"]
[Source "ChessBase"]
[SourceDate "2010.07.02"]
[SourceVersion "2"]
[SourceVersionDate "2010.07.15"]
[SourceQuality "1"]

1. e4 Nf6 2. e5 Nd5 3. d4 d6 4. Nf3 Bg4 5. Be2 c6 6. c4 Nb6 7. Nbd2 dxe5 8. Nxe5 Bxe2 9. Qxe2 N8d7 10. 0-0 e6 11. Ndf3 Nxe5 12. dxe5 Be7 13. Rd1 Qc7 14. Bg5 Rd8 15. Rxd8+ Kxd8 16. a4 h6 17. Bd2 c5 18. a5 Nd7 19. a6 b6 20. Qe4 Kc8 21. b4 Nb8 22. b5 Rd8 23. h4 Nd7 24. h5 Nf8 25. Be3 Rd7 26. Re1 Kd8 27. Qg4 g5 28. Qe4 Ke8 29. Nh2 f5 30. exf6 Bxf6 31. Ng4 Bg7 32. g3 Qd6 33. Kg2 Qd3 34. Qxd3 Rxd3 35. f4 Nh7 36. fxg5 hxg5 37. Nf2 Rc3 38. Ne4 Rc2+ 39. Kf3 g4+ 40. Kxg4 Rxc4 41. Kf3 Rb4 42. g4 Ke7 43. g5 Nf8 44. g6 Rxb5 45. Bg5+ Kd7 46. Rd1+ Kc7 47. Bd8+ 1-0

[Event "MNT-chT"]
[Site "Herceg Novi"]
[Date "2008.08.26"]
[Round "2"]
[White "Nikac, Predrag"]
[Black "Dragasevic, Srdjan"]
[Result "1-0"]
[WhiteElo "2357"]
[BlackElo "2288"]
[PlyCount "99"]
[EventDate "2008.08.25"]
[EventType "team-tourn"]
[EventRounds "7"]
[EventCountry "MNE"]
[SourceTitle "CBM 126 Extra"]
[Source "ChessBase"]
[SourceDate "2008.11.05"]
[SourceVersion "1"]
[SourceVersionDate "2008.11.05"]
[SourceQuality "1"]

1. e4 Nf6 2. Nc3 d5 3. e5 Ne4 4. Nce2 d4 5. Nf3 Nc6 6. h3 Nc5 7. b4 Ne6 8. b5 Na5 9. c3 d3 10. Ned4 c5 11. bxc6 Nxc6 12. Bxd3 Nexd4 13. cxd4 Nxd4 14. Qa4+ Nc6 15. Bb5 Qd5 16. 0-0 a6 17. Bc4 Qa5 18. Qb3 e6 19. d4 Be7 20. d5 exd5 21. Bxd5 0-0 22. Bd2 Bb4 23. Be3 Nd8 24. Rac1 Be6 25. Rfd1 Re8 26. Ng5 h6 27. Nxe6 Nxe6 28. Rc4 Bf8 29. Bxb7 Rad8 30. Rdc1 Qxe5 31. Re4 Qa5 32. Qa4 Qf5 33. Qxa6 Ng5 34. Rxe8 Rxe8 35. Qc4 Bd6 36. h4 Ne4 37. Qd3 Ng3 38. Qxf5 Nxf5 39. Bb6 Kf8 40. a4 Rb8 41. Rc8+ Ke7 42. Rxb8 Bxb8 43. a5 Nd6 44. Bd5 f6 45. a6 Nc8 46. Bc5+ Ke8 47. h5 Ba7 48. Bb4 Ne7 49. Be4 Kf7 50. Kf1 1-0